| 000 | 00999nam a22002537a 4500 | ||
|---|---|---|---|
| 999 |
_c806 _d806 |
||
| 003 | AR-CdUCM | ||
| 008 | 190225b ||||| |||| 00| 0 spa d | ||
| 040 |
_aMUNICIPALIDAD PROVINCIAL DEL CUSCO _cBIBLIOTECA MUNICIPAL DEL CUSCO |
||
| 082 |
_a868.323 / _bC48 |
||
| 100 |
_aCervantes Saavedra, Miguel de _93055 |
||
| 245 | _aEl licenciado vidriera y otras novelas ejemplares / | ||
| 260 |
_bSalvat Editores, _bAlianza Editorial, _c1969. |
||
| 300 |
_a189 páginas ; _c18 cm. |
||
| 440 |
_aBiblioteca básica Salvat de libros RTV. _n20 _93056 |
||
| 505 | _aContenido: El licenciado vidriera. La gitanilla. La ilustre fregona. El casamiento engañoso. Novela y coloquio que pasó entre Cipión y Berganza. | ||
| 650 |
_aNovelas españolas _9584 |
||
| 650 |
_aNovelas siglos XV-XVII _93057 |
||
| 650 |
_aEdad de Oro, 1500-1700 _93058 |
||
| 650 |
_aColecciones _9607 |
||
| 700 |
_aFerrer, Inmaculada (editora) _93059 |
||
| 700 |
_aRosales, Luis (prólogo) _93060 |
||
| 942 |
_2ddc _cLIBROS |
||
| 945 | _azta | ||